El capitán Dreyfus: relato de una histeria colectiva
Saved in:
| Main Author: | |
|---|---|
| Format: | Book |
| Language: | Spanish |
| Published: |
Buenos Aires
Sudamericana
1957
|
| Edition: | 2a. ed |
| Series: | Historia y política contemporánea
|
| Subjects: | |
| Tags: |
Add Tag
No Tags, Be the first to tag this record!
|
MARC
| LEADER | 00000nam a2200000 a 4500 | ||
|---|---|---|---|
| 001 | UCJ5324 | ||
| 003 | CL-VaPUC | ||
| 008 | 070124e19570930AG |||||||||||||||||spa|d | ||
| 082 | 0 | 4 | |a 944 |b HAL |2 21 |
| 100 | 0 | |a Halasz, Nicholas |e author |9 510392 | |
| 245 | 1 | 3 | |a El capitán Dreyfus: relato de una histeria colectiva |
| 250 | |a 2a. ed | ||
| 300 | |a 314 p | ||
| 942 | |c BK | ||
| 945 | |d 20070124 00:00:00 |a rinostro | ||
| 260 | |a Buenos Aires |b Sudamericana |c 1957 | ||
| 600 | 0 | 7 | |a DREYFUS, ALFRED |2 CL-VaPUC |9 510393 |
| 650 | 0 | |a Historia |9 255047 | |
| 650 | 0 | |a Juicio criminal |9 398162 | |
| 651 | 0 | |a Francia |9 255157 | |
| 583 | |a last modification |c 20070124 00:00:00 |k Rodrigo Vera | ||
| 490 | 0 | |a Historia y política contemporánea | |
| 999 | |c 321434 |d 321432 | ||
| 952 | |0 0 |1 0 |4 0 |6 944_000000000000000_HAL_1957 |7 0 |8 X |9 400166 |a FDOBUD |b FDOBUD |d 2019-11-22 |i 1032976 |o 944 HAL 1957 |p 1032976 |r 2019-11-22 |w 2019-11-22 |y BK_X |k BUD | ||